000 00745cam a2200253 a 4500
001 000020181
003 DO-SdBNP
005 20210928110649.0
007 ta
008 810916s 1964 fr a 000 0 fre d
040 _aDO-SdBNP
_bspa
_cBNPHU
041 1 7 _hfre
082 4 _aBNPHU 842.76
_bB163m
100 1 _aBaisnée, Jean.
_942777
245 1 0 _aMusset les caprices de Marianne :
_ble chandelier /
_cJean Baisnée.
260 _aParis :
_bBordas,
_c1964.
300 _a127 p. :
_bil. ;
_c17 cm.
490 1 _aLes Petits Classiques Bordas
600 1 4 _aMUSSET, ALFRED DE,
_d1810-1857.
_95357
650 1 4 _aTeatro francés
_95359
650 1 4 _aLiteratura francesa
_942778
830 0 _aLes Petits Classiques Bordas
_942779
942 _2ddc
_cLBS1
999 _c19688
_d19688